000 00361nam a2200145Ia 4500
008 230917s9999||||xx |||||||||||||| ||und||
040 _e138363
_aMAIN
041 _aEnglish
082 _a824.09 L579A
100 _aLevine, George, ed.
245 0 _aArt of Victorian prose
260 _aLondon
_bOxford University Press
_c1968
300 _a378 p.
942 _cBK
999 _c51184
_d51184